Автомобили "Москвич" модели 2141-01, 21412-01, 214122, 214123, 2335, 23352, 233522, 233523 (Запись № 1027369)

Подробности
000 -МАРКЕР
контрольное поле 02830nam0a2200421 4500
001 - ИДЕНТИФИКАТОР ЗАПИСИ
контрольное поле RU\NLR\bibl\181372
005 - ИДЕНТИФИКАТОР ВЕРСИИ
контрольное поле 20250618062947.0
010 ## - МЕЖДУНАРОДНЫЙ СТАНДАРТНЫЙ НОМЕР КНИГИ (ISBN)
Номер (ISBN) 5-89199-001-6
Тираж 11000
021 ## - НОМЕР ГОСУДАРСТВЕННОЙ РЕГИСТРАЦИИ
Код страны Российская Федерация
Номер 2001-20683
Номер Листа государственной регистраци 974
035 ## - ДРУГИЕ СИСТЕМНЫЕ НОМЕРА
Идентификатор записи (NLR Aleph) 000178041
100 ## - ДАННЫЕ ОБЩЕЙ ОБРАБОТКИ
Данные общей обработки 20010724d2001 |||y0rusy50 ca
101 0# - ЯЗЫК РЕСУРСА
Язык текста, звукозаписи и т.д. русский
102 ## - СТРАНА ПУБЛИКАЦИИ ИЛИ ПРОИЗВОДСТВА
Страна публикации Российская Федерация
105 ## - ПОЛЕ КОДИРОВАННЫХ ДАННЫХ: ТЕКСТОВЫЕ МАТЕРИАЛЫ, МОНОГРАФИЧЕСКИЕ
Кодированные данные о монографическом текстовом документе a |||||||||
200 1# - ЗАГЛАВИЕ И СВЕДЕНИЯ ОБ ОТВЕТСТВЕННОСТИ
Основное заглавие Автомобили "Москвич" модели 2141-01, 21412-01, 214122, 214123, 2335, 23352, 233522, 233523
Сведения, относящиеся к заглавию Техн. обслуживание и текущий ремонт
210 ## - ПУБЛИКАЦИЯ, РАСПРОСТРАНЕНИЕ И ДР.
Место издания, распространения и т.д. М.
Имя издателя, распространителя и т. д. Линия-2000
Дата издания, распространения и т.д. 2001
215 ## - ФИЗИЧЕСКАЯ ХАРАКТЕРИСТИКА
Специфическое обозначение материала и объем 292, [3] с.
Другие сведения о физической характеристике ил.
Размеры 26
300 ## - ОБЩИЕ ПРИМЕЧАНИЯ
Текст примечания Загл. обл. : Автомобиль "Москвич" 2141; 2335 и их модификации: Объем цилиндров 1,57; 1,48; 1,7; 1,8
512 1# - ЗАГЛАВИЕ ОБЛОЖКИ
Заглавие обложки Автомобиль "Москвич" 2141; 2335 и их модификации
Сведения, относящиеся к заглавию Объем цилиндров 1,57; 1,48; 1,7; 1,8
606 0# - НАИМЕНОВАНИЕ ТЕМЫ КАК ПРЕДМЕТ
Наименование темы Автомобили "Москвич" 2141
Формальный подзаголовок Руководства, пособия и т.п.
Тематический подзаголовок Ремонт
Системный номер авторитетной/нормативной записи 1051577
Идентификатор авторитетной/нормативной записи RU\NLR\auth\6688486
606 0# - НАИМЕНОВАНИЕ ТЕМЫ КАК ПРЕДМЕТ
Наименование темы "Москвич" 2141, легковые автомобили
Формальный подзаголовок Руководства, пособия и т.п.
Тематический подзаголовок Ремонт
Системный номер авторитетной/нормативной записи 2096734
Идентификатор авторитетной/нормативной записи RU\NLR\auth\661268551
606 0# - НАИМЕНОВАНИЕ ТЕМЫ КАК ПРЕДМЕТ
Наименование темы Автомобили "Москвич" 2141
Формальный подзаголовок Руководства, пособия и т.п.
Тематический подзаголовок Техническое обслуживание
Системный номер авторитетной/нормативной записи 2182587
Идентификатор авторитетной/нормативной записи RU\NLR\auth\661312418
606 0# - НАИМЕНОВАНИЕ ТЕМЫ КАК ПРЕДМЕТ
Наименование темы "Москвич" 2141, легковые автомобили
Формальный подзаголовок Руководства, пособия и т.п.
Тематический подзаголовок Техническое обслуживание
Системный номер авторитетной/нормативной записи 2182598
Идентификатор авторитетной/нормативной записи RU\NLR\auth\661312422
606 0# - НАИМЕНОВАНИЕ ТЕМЫ КАК ПРЕДМЕТ
Наименование темы Автомобили "Москвич" 2335
Формальный подзаголовок Руководства, пособия и т.п.
Тематический подзаголовок Ремонт
Системный номер авторитетной/нормативной записи 2182589
Идентификатор авторитетной/нормативной записи RU\NLR\auth\661312419
606 0# - НАИМЕНОВАНИЕ ТЕМЫ КАК ПРЕДМЕТ
Наименование темы "Москвич" 2335, легковые автомобили
Формальный подзаголовок Руководства, пособия и т.п.
Тематический подзаголовок Ремонт
Системный номер авторитетной/нормативной записи 2182600
Идентификатор авторитетной/нормативной записи RU\NLR\auth\661312423
606 0# - НАИМЕНОВАНИЕ ТЕМЫ КАК ПРЕДМЕТ
Наименование темы Автомобили "Москвич" 2335
Формальный подзаголовок Руководства, пособия и т.п.
Тематический подзаголовок Техническое обслуживание
Системный номер авторитетной/нормативной записи 2182595
Идентификатор авторитетной/нормативной записи RU\NLR\auth\661312421
606 0# - НАИМЕНОВАНИЕ ТЕМЫ КАК ПРЕДМЕТ
Наименование темы "Москвич" 2335, легковые автомобили
Формальный подзаголовок Руководства, пособия и т.п.
Тематический подзаголовок Техническое обслуживание
Системный номер авторитетной/нормативной записи 2182604
Идентификатор авторитетной/нормативной записи RU\NLR\auth\661312425
610 0# - НЕКОНТРОЛИРУЕМЫЕ ПРЕДМЕТНЫЕ ТЕРМИНЫ
Предметный термин Автомобили легковые малолитражные - Уход и обслуживание
675 ## - УНИВЕРСАЛЬНАЯ ДЕСЯТИЧНАЯ КЛАССИФИКАЦИЯ (UDC/УДК)
Индекс 629.33-181.4.078
Издание 3
Язык издания rus
686 ## - ИНДЕКСЫ ДРУГИХ КЛАССИФИКАЦИЙ
Индекс 55.43
Код системы
686 ## - ИНДЕКСЫ ДРУГИХ КЛАССИФИКАЦИЙ
Индекс 39.335.52-08
Код системы
686 ## - ИНДЕКСЫ ДРУГИХ КЛАССИФИКАЦИЙ
Индекс О335.52-08я7"Москвич"
801 #0 - ИСТОЧНИК ЗАПИСИ
Страна Российская Федерация
Организация RKP
Дата составления 20010724
Правила каталогизации PSBO
801 #1 - ИСТОЧНИК ЗАПИСИ
Страна Российская Федерация
Организация RKP
Дата составления 20010724
801 #2 - ИСТОЧНИК ЗАПИСИ
Страна Российская Федерация
Организация NLR
Дата составления 20011004
Правила каталогизации rcr
942 ## - ДОПОЛНИТЕЛЬНЫЕ ЭЛЕМЕНТЫ ЗАПИСИ (АБИС)
Тип экземпляра АБИС Книга
980 ## - КОЛЛЕКЦИЯ
Название коллекции Национальная библиография
Экземпляры
Тип экземпляра Дата поступления Источник поступления Библиотека постоянного хранения Библиотека текущего хранения Место хранения Шифр хранения Штрих-код Статус экземпляра
Книга 06.09.2001 Обязательный экземпляр РНБ (Московский) РНБ (Московский) Русский книжный фонд: издания с 1957 года 2001-7/1715 155515  
Книга 06.09.2001 Обязательный экземпляр РНБ (Московский) РНБ (Московский) Русский книжный фонд: издания с 1957 года 2001-7/1715 155516